000 00324nam a2200121 4500
999 _c10858
_d10858
003 OSt
005 20221019130459.0
008 221019b ||||| |||| 00| 0 eng d
100 _aB Gallion and Simon Eisner
245 _aThe Urban pattern city planning and design
260 _aNew York
_bVan Nostrand company
942 _2ddc